| 000 | 00698nam a22001817a 4500 | ||
|---|---|---|---|
| 999 |
_c75196 _d312473 |
||
| 003 | OSt | ||
| 005 | 20181217185322.0 | ||
| 008 | 181217b 2017su a|||| |||| 00| 0 ara d | ||
| 040 |
_aMa-Un _beng |
||
| 082 |
_221 _aع إ ع _b953.122 |
||
| 100 |
_aعبيد، إبراهيم أحمد مكي _965059 |
||
| 245 |
_aالعلم في معرفة حدود الحرم (النبوي) / _cتأليف إبراهيم أحمد مكي عبيد. |
||
| 260 |
_aالمدينة المنورة : _bمكتبة دار الزمان للنشر والتوزيع، _c2017 _m1439 |
||
| 300 |
_a67 ص. ؛ _c22 سم. |
||
| 650 |
_aالمسجد النبوي _965060 |
||
| 650 |
_aالمدينة المنورة _965061 |
||
| 942 | _cBOOK | ||